Statystyki dla Znane marki samochodów.

Kliknij tutaj aby rozwiązać quiz!

Ogólne statystyki

  • Ten quiz został rozwiązany 426 razy
  • Średni wynik to 9 z 10

Statystyki odpowiedzi

Odpowiedź% Poprawnych
BMW
100%
Audi
99%
Volvo
99%
Jaguar
98%
Skoda
97%
Mercedes
96%
Mini
96%
Seat
95%
Volkswagen
84%
Mitsubishi
74%

Rozkład punktacji

Percentyl według liczby udzielonych odpowiedzi

Procent ludzi z każdym wynikiem

Twoja historia wyników

Nie rozwiązałeś tego quizu